Ramona, adéu (Record no. 131979)

MARC details
000 -LEADER
campo de control de longitud fija 00519nam a2200181 4500
001 - NÚMERO DE CONTROL
campo de control 131979
003 - IDENTIFICADOR DE NÚMERO DE CONTROL
campo de control ES-MaACL
005 - FECHA Y HORA DE LA ÚLTIMA TRANSACCIÓN
campo de control 20230906194101.0
007 - CAMPO FIJO DE DESCRIPCIÓN FÍSICA--INFORMACIÓN GENERAL
campo de control de longitud fija t|
008 - DATOS DE LONGITUD FIJA--INFORMACIÓN GENERAL
campo de control de longitud fija 070214s1972 sp r ||||1| spa d
100 1# - ENTRADA PRINCIPAL--NOMBRE DE PERSONA
Nombre de persona Roig, Montserrat.
9 (RLIN) 99006
245 10 - MENCIÓN DEL TÍTULO
Título Ramona, adéu
Resto del título : (1894-1969) /
Mención de responsabilidad, etc. Montserrat Roig.
250 ## - MENCION DE EDICION
Mención de edición 1ª. ed.
260 ## - PUBLICACIÓN, DISTRIBUCIÓN, ETC.
Lugar de publicación, distribución, etc. Barcelona :
Nombre del editor, distribuidor, etc. Ed. Flamma,
Fecha de publicación, distribución, etc. 1972.
300 ## - DESCRIPCIÓN FÍSICA
Extensión 166 p. ;
Dimensiones 20 cm.
500 ## - NOTA GENERAL
Nota general Error de encuadernación, paginación alterada.
852 ## - LOCALIZACIÓN
Ubicación ES-MaACL
Número de control de estantería C-49459
Sublocalización o colección R.84430
Holdings
Estatus retirado Estado de pérdida Estado de daño No para préstamo Biblioteca de origen Biblioteca actual Ubicación en estantería Fecha de adquisición Fuente de adquisición Total de préstamos Signatura topográfica completa Código de barras Visto por última vez Precio de reemplazo Tipo de ítem Koha
        Biblioteca del Ateneo de Madrid Biblioteca del Ateneo de Madrid Depósito 2 17/01/2008     C-49459 1137406 23/02/2023 23/02/2023 Libro impreso